000 00804nam a2200229 i 4500
001 123778
003 ES-MaACL
005 20250829103237.0
007 t|
008 070214s1964 sp r ||||1| spa d
080 _a821.134.2-14"19"
100 0 _aQuiñones, Fernando,
_d1930-1998
_994750
245 1 0 _aEn vida /
_cFernando Quiñones.
260 _aMadrid :
_bCultura Hispánica,
_c1964.
300 _a200 p., 1 lám. ;
_c21 cm.
490 1 _aPoesía de España y América. La encina y el mar ;
_v28
586 _aPremio "Leopoldo Panero" 1963, del Instituto de Cultura Hispánica.
710 2 _aInstituto de Cultura Hispánica (España)
_94854
830 1 _aPoesía de España y América. La encina y el mar ;
_v28
_9179340
852 _aES-MaACL
_jC-25982
999 _c123778
_d123778